000 00761 a2200241 4500
003 OSt
005 20180116192343.0
008 120531t xxu||||| |||| 00| 0 eng d
010 _a 99494988
020 _a0714834653
020 _a9780714834658
040 _c0
082 _a709.2
100 1 _aMorris, William,
_92797
245 1 4 _aThe designs of William Morris.
260 _aLondon :
_bPhaidon Press,
_c1995.
300 _a[160] p. :
_bchiefly col. ill. ;
_c12 in.
600 1 0 _aMorris, William,
_d1834-1896
_92798
650 0 _aDecoration and ornament
_xPlant forms
_zEngland
_92799
650 0 _aDecoration and ornament
_xVictorian style
_92800
942 _aSADA
_cBK
_k709.2 MOR 1995
_2ddc
999 _c352721
_d352721